| 000 | 00804nam a2200193 a 4500 | ||
|---|---|---|---|
| 008 | 100113s1986 ||||||||||||||||| || u | ||
| 050 | _aCTA(02) | ||
| 100 | _aPreston, T. R | ||
| 245 | 1 | 0 |
_aMatching livestock systems with available feed resources in tropical countries. _cT. R. Preston |
| 260 |
_aEde-Wageningen, The Netherlands: _bCTA _c1986 |
||
| 300 | _a26p.: ill | ||
| 350 | _a0.00 | ||
| 490 | _aThe Technical Centre for Agricultural and Rural Co-operation(CTA) | ||
| 650 | _aAGRICULTURE | ||
| 650 | _aANIMAL BREEDING--TROPICS | ||
| 650 | 2 | _aLIVESTOCK | |
| 710 | _aTechnical Centre for Agricultural and Rural Cooperation (CTA) | ||
| 995 |
_D0.00 _FCBU-MAIN LIBRARY (Kitwe) _H1 _I0.00 _M1 _UAVAILABLE _WJan 13, 2010 _ZInternational Publications |
||
| 999 |
_c50587 _d50587 |
||